000 01155cam a22003011 4500
001 gs 08000386
003 DLC
005 20260227111308.0
007 cr_|||||||||||
008 720327s1908 dcua 000 0 eng
010 _ags 08000386
035 _a(OCoLC)271182
040 _aDLC
_cODaWU
_dNmSoI
_dDLC
050 0 0 _aTC801
_b.U2 no. 220
051 _aGB705.O7
_bW3
_cCopy 2
086 0 _aI 19.13:220
100 1 _aWaring, Gerald A.
_q(Gerald Ashley),
_d1883-
245 1 0 _aGeology and water resources of a portion of south-central Oregon.
260 _aWashington,
_bGovt. Print. Off.,
_c1908.
300 _a86 p.
_billus. (some fold.)
_c23 cm.
490 1 _aWater-supply paper,
_v220
501 _aTC801.U2 no. 220 with : Water-supply investigations in Alaska, 1906-1907. Washington : Govt. Print. Off., 1908. Bound together subsequent to publication.
_5DLC
530 _aAlso available in digital form on the Internet Archive Web site.
650 0 _aGeology
_zOregon.
650 0 _aWater-supply
_zOregon.
830 0 _aWater-supply paper (Geological Survey (U.S.)) ;
_vno. 220.
856 4 1 _uhttp://hdl.loc.gov/loc.gdc/scd0001.00199538512
999 _c24762
_d24762